| 000 | 00530nam a22001697a 4500 | ||
|---|---|---|---|
| 003 | ARRUPE | ||
| 005 | 20240206110643.0 | ||
| 008 | 240206b |||||||| |||| 00| 0 eng d | ||
| 040 | _cAJU | ||
| 050 | _aGN316.G43 1983 | ||
| 100 |
_aGeertz, Clifford _99268 |
||
| 245 |
_aLocal knowledge _bfurther essays in interpretive anthropology _cClifford Geertz |
||
| 260 |
_aUnited States of America _bBasic Books _c1983 |
||
| 300 |
_avi, 244p. ; _c20cm. |
||
| 650 |
_aEthnology _xAddresses, essays, lectures _952378 |
||
| 942 |
_2lcc _cMONOGRAPH |
||
| 999 |
_c131770 _d131770 |
||